00621nam a2200193Ii 450000100060000000300090000600800410001502000180005604000330007404100080010708200180011510000300013324500630016326401080022630000120033433600260034633700280037233800270040016247CO-ViMGA241108s9999||||xx |||||||||||||| ||und|| a9789587410587 aCO-ViMGAbspaerdacCO-ViMGA0 aunk04a346.0482 P41r1 aLuis Carlos Plata López10aResponsabilidad civil por infracciones al derecho de autor 1a[Lugar de publicación no identificado] : Ediciones Uninorte, [Fecha de publicación no identificada] avolumen atextbtxt2rdacontent aunmediatedbn2rdamedia avolumebnc2rdacarrier